Groups of Things - Formula 1 - Statistics

General Stats
  • This quiz has been taken 167 times
    68 since last reset
  • The average score is 30 of 47
Answer Stats
Hint Answer % Correct
Drivers with 100+ Podiums Lewis Hamilton
94%
Drivers with 100+ Podiums Michael Schumacher
94%
Drivers with 100+ Podiums Alain Prost
91%
3 Time WDCs Ayrton Senna
91%
Drivers with 100+ Podiums Max Verstappen
91%
French Constructors Renault
91%
Drivers with 100+ Podiums Sebastian Vettel
89%
Adrian Newey F1 teams Red Bull
87%
French Constructors Alpine
85%
2023 Tyre Compounds Hard
85%
2023 Tyre Compounds Soft
85%
2023 Tyre Compounds Medium
83%
Adrian Newey F1 teams Aston Martin
81%
3 Time WDCs Niki Lauda
81%
2023 Tyre Compounds Wet
81%
Drivers with 100+ Podiums Fernando Alonso
79%
2023 Tyre Compounds Intermediate
79%
German F1 Tracks Nürburgring
79%
Adrian Newey F1 teams McLaren
74%
Italian drivers with 2+ wins Alberto Ascari
72%
Races of the 1950 F1 season British Grand Prix
72%
3 Time WDCs Nelson Piquet
70%
Adrian Newey F1 teams Williams
70%
Races of the 1950 F1 season Italian Grand Prix
68%
3 Time WDCs Jackie Stewart
68%
Penalties 5-second / 10-second time penalty
66%
Italian drivers with 2+ wins Nino Farina
66%
Races of the 1950 F1 season Belgian Grand Prix
62%
German F1 Tracks Hockenheimring
62%
Drivers with 100+ Podiums Kimi Räikkönen
62%
Italian drivers with 2+ wins Giancarlo Fisichella
60%
3 Time WDCs Jack Brabham
58%
Races of the 1950 F1 season Monaco Grand Prix
58%
Italian drivers with 2+ wins Riccardo Patrese
55%
Italian drivers with 2+ wins Michele Alboreto
51%
Races of the 1950 F1 season French Grand Prix
47%
French Constructors Ligier
42%
German F1 Tracks AVUS
40%
Penalties 10-second stop-go penalty
38%
Penalties Drive-through penalty
34%
Races of the 1950 F1 season Indianapolis 500
32%
Races of the 1950 F1 season Swiss Grand Prix
28%
Penalties Disqualification
26%
Penalties Grid penalty
26%
Italian drivers with 2+ wins Elio de Angelis
25%
French Constructors Matra
23%
Adrian Newey F1 teams March/Leyton House
19%
No matching quizzes found
Score Distribution
Percent of People with Each Score
Percentile by Number Answered
Your Score History
You have not taken this quiz since the last reset